[Event "GAMMA Reykjavik Open 2019"]
[Site "Reykjavik"]
[Date "2019.04.16"]
[Round "9.3"]
[White "Brunello, Sabino"]
[Black "Grandelius, Nils"]
[Result "0-1"]
[WhiteElo "2534"]
[BlackElo "2687"]
[Annotator "TA"]
[PlyCount "128"]
[EventDate "2019.04.04"]
[EventType "swiss"]
[EventCountry "ISL"]
[SourceTitle "playchess.com"]
[Source "ChessBase"]
[SourceQuality "1"]

{[%evp 13,128,24,27,-8,0,-26,-30,-17,-22,-25,-21,-20,-22,-6,-27,-46,-42,-53,-24,-29,-35,-25,-21,-21,-24,-25,-21,-28,-18,-37,-47,-47,0,-79,-63,-73,-49,-56,-56,-42,-39,-60,-26,-112,-24,-121,-111,-114,-72,-141,-137,-120,-43,-61,-17,-19,-31,-58,-57,-42,-37,-136,-145,-143,-145,-122,-127,-130,-96,-87,-102,-90,-20,-55,-75,-51,-23,-31,-16,-939,-939,-843,-933,-889,-754,-845,-708,-697,-696,-947,-944,-947,-947,-947,-947,-925,-925,-854,-854,-1465,-1402,-1320,-890,-29977,-29978,-29981,-29979,-29979,-29980,-29980,29981,-29981,-29982,-29982,-29983,-29983,-29984]} 1. d4 Nf6 2. c4 g6 3. Nc3 d5 4. Bg5 Ne4 5. Bh4 Nxc3 6. bxc3 dxc4 7. e3 Be6 8. Nh3 {D80: Grünfeld: Unusual White 4th moves and 4 Bg5} (8. Nf3 Bg7 9. Qb1 Qd5 10. Be2 Bf5 11. Qb4 c5 12. Qb5+ Bd7 13. Qxc4 Bc6 14. Qb3 e6 15. c4 Qd7 16. Ne5 Qc7 17. O-O {½-½ (124) Wei,Y (2743)-Svidler,P (2768) Wijk aan Zee 2018}) 8... Bh6 9. Bg5 Bxg5 10. Nxg5 {Black has an edge.} Bd5 $1 11. e4 h6 $1 12. exd5 {[#] aiming for Nf3.} hxg5 13. Bxc4 Nd7 14. Qg4 $146 ({Predecessor:} 14. O-O Nb6 15. Bb3 Nxd5 {½-½ (15) Colpe,M (2412)-Vorobiov,E (2585) Lueneburg 2017}) 14... Nb6 15. Bb3 Qd6 16. Qxg5 O-O-O 17. h4 Rh5 18. Qg3 Qf6 19. Qg4+ Kb8 20. g3 Nxd5 21. Bxd5 Rhxd5 22. O-O g5 23. hxg5 (23. h5 $11) 23... Rxg5 $17 24. Qe4 Rdg8 {Hoping for ...Qd6.} 25. Kg2 Rg4 $36 {[%mdl 2048] Black fights for an advantage.} 26. Qe3 Qd6 27. Rh1 f5 28. Rh6 {[#]} (28. Rae1 $11) 28... Qd8 (28... Qa3 $1 $17 29. Qd2 f4) 29. Qf3 (29. Qe6 $11 {remains equal.}) 29... f4 $1 {[%cal Rf4g3]} 30. Rh3 a6 31. Re1 ({White should play} 31. Rb1 b6 32. Re1) 31... fxg3 32. Rxg3 R4g6 (32... Rh4 $17 {...Rf8 is the strong threat.} 33. Re4 Rh7) 33. Qf7 $15 Rxg3+ (33... R8g7 $5 34. Qxg7 Qd5+ 35. Kh3 Rxg7 36. Rxg7 Qf3+ 37. Rg3 Qxf2 38. Rg8+ Ka7 39. Rxe7 Qf5+ 40. Rg4 Qh5+ 41. Kg3 Qa5 $17) 34. fxg3 {[%mdl 4096] Endgame KQR-KQR} Rf8 35. Qe6 Rf6 36. Qe4 Qg8 37. Qxe7 ({Better is} 37. d5 $1 $15) 37... Qxa2+ $17 38. Re2 Qd5+ 39. Qe4 Qc4 40. Qe5 Rb6 41. d5 a5 42. Re4 Rb2+ ({Black should try} 42... Qd3 $17 43. Rf4 Ka7) 43. Kh3 $11 Qf1+ 44. Kg4 Rh2 {And now ...Qd1+ would win.} 45. Kg5 $1 Qf3 {White must now prevent ...Rh5+.} 46. Rh4 $4 {[%mdl 8192]} (46. g4 $11 Qh3 47. Qg7) 46... Re2 $19 47. Qh8+ Ka7 48. Qd4+ b6 49. g4 Re4 50. Qf6 Qd3 51. Qf5 Qe3+ 52. Kg6 Re5 53. Rh3 Qxh3 54. Qxe5 Qxg4+ {KQ-KQ} 55. Kf6 Qc4 56. Ke7 a4 57. Kd8 Kb7 58. Qe6 a3 59. Qc8+ Ka7 60. d6 Qg8+ 61. Kxc7 Qxc8+ 62. Kxc8 {Threatens to win with d7.} a2 {Black mates.} 63. d7 a1=Q 64. d8=Q Qxc3+ {Accuracy: White = 47%, Black = 57%.} 0-1

[Event "GAMMA Reykjavik Open 2019"]
[Site "Reykjavik"]
[Date "2019.04.16"]
[Round "9.4"]
[White "Firouzja, Alireza"]
[Black "Hjartarson, Johann"]
[Result "1-0"]
[WhiteElo "2669"]
[BlackElo "2520"]
[Annotator "TA"]
[PlyCount "135"]
[EventDate "2019.04.04"]
[EventType "swiss"]
[EventCountry "ISL"]
[SourceTitle "playchess.com"]
[Source "ChessBase"]
[SourceQuality "1"]

{[%evp 11,135,35,31,6,28,16,31,29,35,24,29,33,27,20,52,51,51,49,47,47,57,45,50,18,29,16,13,15,33,14,41,41,62,25,35,25,35,44,59,43,55,37,44,0,0,0,0,0,0,0,14,10,11,12,9,0,0,0,0,0,9,9,9,0,0,0,0,0,0,0,0,0,0,-12,-3,-8,0,-17,-8,-79,-72,-77,0,0,0,0,0,0,0,-224,0,0,0,0,0,0,0,0,0,0,0,0,0,0,8,8,8,8,8,0,14,14,38,38,29972,29973,29971,29973,29972,29974,29974,29975,29975,29977,29971,29953]} 1. e4 c5 2. Nf3 e6 3. d4 cxd4 4. Nxd4 Nc6 5. Nc3 Qc7 6. Be3 a6 7. Qf3 {B48: Sicilian: Taimanov: 5 Nc3 Qc7 6 Be3 a6 without Be2} Bd6 (7... Nf6 8. O-O-O Ne5 9. Qg3 b5 10. f4 Neg4 11. Bd2 b4 12. Na4 h5 13. Bd3 d5 14. e5 Ne4 15. Bxe4 dxe4 {½-½ (48) Caruana,F (2832)-Shankland,S (2724) Germany 2019}) 8. O-O-O {And now Ncb5! would win.} Be5 $1 9. g3 {White is slightly better.} Nge7 10. Qe2 O-O 11. Qd2 Nxd4 12. Bxd4 d6 13. Bxe5 $146 ({Predecessor:} 13. f4 Bxd4 14. Qxd4 Rd8 {½-½ (46) Beerdsen,T (2424)-Portela Peleteiro,A (2340) Prague 2016}) 13... dxe5 14. Qd6 $1 {[%cal Rd6c7]} Qxd6 15. Rxd6 b5 $1 16. Be2 Rb8 17. Rhd1 Bb7 $1 18. Rd7 Nc6 19. R1d6 Rfc8 20. Bd3 Kf8 (20... Na5 $5 {[%cal Rb7c6]}) 21. a4 $1 Nd4 22. axb5 axb5 23. Rb6 $1 {[%cal Rb6b7]} (23. Nxb5 Bc6 $15) 23... Bc6 24. Rc7 Be8 25. Rxc8 Rxc8 26. Kd1 g5 27. h3 h5 28. Kd2 h4 29. gxh4 gxh4 30. Ke3 Rc7 31. Rb8 {[%cal Rc3b5]} (31. Nxb5 Bxb5 32. Bxb5 Rxc2 $17) 31... Ke7 32. f4 f6 33. fxe5 (33. Nxb5 Bxb5 34. Bxb5 Nxc2+ 35. Kf3 Nd4+ 36. Kg4 Kd6) 33... fxe5 34. Kd2 ({Much weaker is} 34. Bxb5 Nxb5 35. Nxb5 Rxc2 $17) 34... Nf3+ 35. Kc1 Nd4 36. Kb1 {[%cal Rd3b5]} Bd7 37. Rh8 b4 38. Nd1 Nf3 39. b3 Rc8 40. Rh7+ Kd6 41. Ne3 Bc6 42. Kb2 Kc5 43. Nc4 Kd4 44. Be2 Rf8 45. Rh6 (45. Bxf3 $1 $11 Rxf3 46. Rxh4) 45... Bxe4 $17 {Threatens to win with ...Ng1.} 46. Rxe6 {[#]} Ng5 (46... Ng1 $1 $17 {[%cal Rg1e2]} 47. Bd3 Bxd3 48. Rd6+ Ke4 49. Rxd3 (49. cxd3+ $2 Kf5 $19) 49... Kf4) 47. Rd6+ $11 Kc5 48. c3 Rf2 49. cxb4+ Kxb4 50. Rb6+ Kc5 51. Kc3 {Intending b4+ and mate.} Bb1 ({Not} 51... Rxe2 52. b4+ Kd5 53. Rd6#) 52. b4+ Kd5 53. Rb5+ Ke4 54. Rxe5+ Kf4 55. Bd3 Bxd3 56. Kxd3 Nxh3 {[%mdl 4096] Endgame KRN-KRN} 57. b5 {Hoping for Re8.} Rf1 58. Kc2 Rf2+ 59. Kb3 {Black must now prevent b6.} Rf3+ $1 60. Kb4 {aiming for Re8.} Rf1 61. Re2 {Strongly threatening b6.} Rb1+ 62. Rb2 Rxb2+ $4 {[%mdl 8192]} (62... Rg1 $14) 63. Nxb2 $14 {KN-KN. White mates.} Ke5 64. b6 {[%cal Bb5b6,Bb6b7][%mdl 32]} Kd6 65. Kb5 Nf4 66. Nc4+ Kd7 67. b7 Kc7 {[#]} 68. Ka6 $1 {Accuracy: White = 73%, Black = 59%.} 1-0

[Event "GAMMA Reykjavik Open 2019"]
[Site "Reykjavik"]
[Date "2019.04.16"]
[Round "9.5"]
[White "Salomon, Johan"]
[Black "Hovhannisyan, Robert"]
[Result "1/2-1/2"]
[WhiteElo "2495"]
[BlackElo "2630"]
[Annotator "RC"]
[PlyCount "157"]
[EventDate "2019.04.04"]
[EventType "swiss"]
[EventCountry "ISL"]
[SourceTitle "playchess.com"]
[Source "ChessBase"]
[SourceQuality "1"]
[TimeControl "40/5400+30:1800+30"]

1. Nf3 {[%emt 0:00:00]} d5 {[%emt 0:00:00]} 2. g3 {[%emt 0:00:00]} Bg4 {[%emt 0:01:34]} 3. Bg2 {[%emt 0:00:00]} e6 {[%emt 0:00:04]} 4. h3 {[%emt 0:00:00]} Bh5 {[%emt 0:00:40]} 5. d4 {[%emt 0:00:02]} Nf6 {[%emt 0:00:31]} 6. O-O {[%emt 0:00:31]} Be7 {[%emt 0:00:45]} 7. c4 {[%emt 0:00:10]} c6 {[%emt 0:00:39]} 8. Ne5 {[%emt 0:00:11]} Nfd7 {[%emt 0:10:54]} 9. Nd3 {[%emt 0:07:36]} Bg6 {[%emt 0:03:47]} 10. Nc3 {[%emt 0:02:14]} dxc4 {[%emt 0:04:55]} 11. Nf4 {[%emt 0:00:08]} O-O {[%emt 0:00:54]} 12. h4 {[%emt 0:02:56]} e5 {[%emt 0:01:34]} 13. dxe5 {[%emt 0:00:05]} Nxe5 {[%emt 0:01:29]} 14. Nxg6 {[%emt 0:00:04]} hxg6 {[%emt 0:02:21]} 15. Qc2 {[%emt 0:00:02]} Na6 {[%emt 0:03:05]} 16. Bf4 {[%emt 0:07:29]} Qa5 {[%emt 0:02:37]} 17. Qe4 {[%emt 0:03:50]} Bf6 {[%emt 0:01:25]} 18. Bxe5 {[%emt 0:01:09]} Bxe5 {[%emt 0:03:06]} 19. Qxc4 {[%emt 0:00:27]} Rad8 {[%emt 0:03:31]} 20. Rfd1 {[%emt 0:06:43]} Qc5 {[%emt 0:09:14]} 21. Qxc5 {[%emt 0:15:56]} Nxc5 {[%emt 0:00:05]} 22. Rxd8 {[%emt 0:01:00]} Rxd8 {[%emt 0:00:04]} 23. Rd1 {[%emt 0:00:07]} Rxd1+ {[%emt 0:09:06]} 24. Nxd1 {[%emt 0:00:13]} a5 {[%emt 0:02:40]} 25. Kf1 {[%emt 0:00:51]} a4 {[%emt 0:06:48]} 26. Ke1 {[%emt 0:02:35]} Kf8 {[%emt 0:01:11]} 27. Kd2 {[%emt 0:03:33]} Ke7 {[%emt 0:00:45]} 28. Kc2 {[%emt 0:01:25]} Na6 {[%emt 0:01:14]} 29. a3 {[%emt 0:04:07]} Nc5 {[%emt 0:04:30]} 30. Bf3 {[%emt 0:03:14]} Kd7 {[%emt 0:01:21]} 31. e3 {[%emt 0:03:16]} b5 {[%emt 0:01:01]} 32. Bg4+ {[%emt 0:03:20]} f5 {[%emt 0:03:25]} 33. Bh3 {[%emt 0:06:20]} Ke6 {[%emt 0:02:50]} 34. f4 {[%emt 0:05:40]} Bf6 {[%emt 0:02:45]} 35. Nf2 {[%emt 0:00:38]} Nb3 {[%emt 0:01:35]} 36. Bg2 {[%emt 0:04:25]} Na5 {[%emt 0:03:24]} 37. e4 {[%emt 0:07:55]} Nc4 {[%emt 0:05:34]} 38. exf5+ {[%emt 0:00:09]} gxf5 {[%emt 0:00:14]} 39. Bxc6 {[%emt 0:01:15]} Bxb2 {[%emt 0:00:35]} 40. Bxb5 {[%emt 0:00:00]} Nxa3+ {[%emt 0:00:00]} 41. Kxb2 {[%emt 0:06:38]} Nxb5 {[%emt 0:00:21]} 42. h5 {[%emt 0:01:00]} Nd6 {[%emt 0:01:27]} 43. g4 {[%emt 0:01:41]} Ne4 {[%emt 0:00:36]} 44. gxf5+ {[%emt 0:00:24]} Kxf5 {[%emt 0:00:11]} 45. Nd3 {[%emt 0:02:45]} Nf6 {[%emt 0:00:49]} 46. Ka3 {[%emt 0:00:54]} Nxh5 {[%emt 0:00:21]} 47. Kxa4 {[%emt 0:00:04]} Ke4 {[%emt 0:15:01]} 48. Nc5+ {[%emt 0:02:11]} Kd5 {[%emt 0:00:12]} 49. Nd3 {[%emt 0:00:05]} Kd4 {[%emt 0:00:24]} 50. Ne5 {[%emt 0:00:48]} Nxf4 {[%emt 0:00:12]} 51. Nf7 {[%emt 0:01:30]} Kc4 {[%emt 0:02:54]} 52. Ng5 {[%emt 0:03:11]} Nd3 {[%emt 0:03:30]} 53. Ka3 {[%emt 0:00:40]} g6 {[%emt 0:00:46]} 54. Ka2 {[%emt 0:00:40]} Kc3 {[%emt 0:00:44]} 55. Kb1 {[%emt 0:00:45]} Kd2 {[%emt 0:00:14]} 56. Nf7 {[%emt 0:00:48]} Ne1 {[%emt 0:02:12]} 57. Ng5 {[%emt 0:01:19]} Nc2 {[%emt 0:01:47]} 58. Nf3+ {[%emt 0:03:15]} Kd1 {[%emt 0:00:28]} 59. Kb2 {[%emt 0:00:37]} Ne1 {[%emt 0:00:32]} 60. Ng5 {[%emt 0:00:43]} Kd2 {[%emt 0:00:13]} 61. Kb3 {[%emt 0:00:40]} Kd3 {[%emt 0:00:47]} 62. Kb2 {[%emt 0:00:25]} Kd2 {[%emt 0:00:16]} 63. Kb3 {[%emt 0:00:11]} Ke3 {[%emt 0:00:14]} 64. Kc3 {[%emt 0:00:25]} Nf3 {[%emt 0:00:32]} 65. Nf7 {[%emt 0:00:23]} Ke4 {[%emt 0:00:57]} 66. Kc2 {[%emt 0:07:07]} Ne5 {[%emt 0:00:24]} 67. Nd6+ {[%emt 0:00:49]} Kf4 {[%emt 0:01:47]} 68. Kd2 {[%emt 0:01:17]} g5 {[%emt 0:00:07]} 69. Ke2 {[%emt 0:00:41]} g4 {[%emt 0:00:14]} 70. Ne8 {[%emt 0:01:36]} Kg5 {[%emt 0:01:59]} 71. Nd6 {[%emt 0:01:52]} Kf4 {[%emt 0:00:19]} 72. Ne8 {[%emt 0:00:05]} Kg5 {[%emt 0:00:48]} 73. Nd6 {[%emt 0:00:05]} Nd7 {[%emt 0:02:18]} 74. Ne4+ {[%emt 0:03:53]} Kf4 {[%emt 0:00:20]} 75. Nf2 {[%emt 0:00:09]} g3 {[%emt 0:00:05]} 76. Nh3+ {[%emt 0:00:31]} Kg4 {[%emt 0:00:28]} 77. Nf2+ {[%emt 0:00:04]} Kh4 {[%emt 0:00:08]} 78. Kf1 {[%emt 0:00:36]} Nf6 {[%emt 0:00:52]} 79. Nh1 {[%emt 0:00:13]} 1/2-1/2

[Event "GAMMA Reykjavik Open 2019"]
[Site "Reykjavik"]
[Date "2019.04.16"]
[Round "9.6"]
[White "Tari, Aryan"]
[Black "Sadzikowski, Daniel"]
[Result "1-0"]
[WhiteElo "2615"]
[BlackElo "2523"]
[Annotator "TA"]
[PlyCount "86"]
[EventDate "2019.04.04"]
[EventType "swiss"]
[EventCountry "ISL"]
[SourceTitle "playchess.com"]
[Source "ChessBase"]
[SourceQuality "1"]

{[%evp 9,86,0,0,0,0,8,17,0,4,6,31,35,15,0,0,0,47,48,44,40,43,41,57,43,42,22,58,50,49,0,0,0,8,0,0,0,0,-63,-10,-9,0,0,0,0,21,0,60,72,49,64,88,25,36,18,28,27,54,54,89,85,58,0,0,0,0,0,0,0,29994,29978,5177,0,1757,335,1854,22,5306,0,29989]} 1. e4 c6 2. d4 d5 3. e5 c5 4. dxc5 e6 5. a3 Bxc5 6. Qg4 {B12: Caro-Kann: Advance Variation} Ne7 7. Nf3 {Black must now prevent b4.} O-O $146 ({Predecessor:} 7... Qb6 8. Bd3 Nbc6 9. O-O Ng6 10. Nc3 Qc7 11. Re1 O-O 12. Qh5 Bd7 {½-½ (55) Topalov,V (2740)-Navara,D (2739) Shamkir 2019}) 8. Bd3 {Threatens to win with Bxh7+!} f5 9. Qg3 Nbc6 (9... Ng6 {is more complex.} 10. O-O Nd7 11. Nbd2 Bb6 12. Nb3 Qc7) 10. O-O Ng6 11. b4 Be7 $1 12. Bb2 a6 13. Nbd2 b5 14. Nb3 Bd7 15. Nbd4 Nxd4 16. Bxd4 Rf7 17. Nd2 f4 18. Qg4 Nh4 19. Nf3 Nxf3+ 20. Qxf3 a5 21. a4 bxa4 22. b5 $40 {[%mdl 128] Black needs to defend precisely.} a3 23. c4 (23. Rfd1 $11) 23... dxc4 $15 24. Bxc4 Bb4 25. Rfd1 Qe8 26. b6 Rb8 27. Ba2 Bc6 (27... Kh8 $11) 28. Qg4 $14 Re7 29. Qxf4 Rd7 {[#]} 30. Rdc1 ({Better is} 30. Be3 $1 $16) 30... Bd5 $11 31. Bxd5 Rxd5 32. Be3 Rb7 33. h4 Qd7 34. h5 h6 35. Qe4 ({White should try} 35. g3 $14) 35... Bd2 36. Bxd2 Rxd2 37. Rxa3 {Strongly threatening Rc4.} Rd1+ $1 38. Rxd1 Qd6 $2 {[%mdl 8192]} (38... Qxd1+ $11 39. Kh2 Rxb6) 39. Rd2 Qxd2 40. Kh2 $2 ({White must play} 40. Qxb7 $18 {Qa8+ would kill now.} Qd1+ 41. Kh2 Qxh5+ 42. Rh3 Qxe5+ 43. g3) 40... Qd1 $2 {[%mdl 8192]} (40... Rxb6 $11 41. Rd3 Qg5) 41. Qg6 $2 (41. Qxb7 {Intending Rf3 and mate.} Qxh5+ 42. Rh3 Qxe5+ 43. g3) 41... Rxb6 $2 (41... Qd5 42. f4 Qd8 43. Qxe6+ Kh8) 42. f4 $2 (42. Rd3 $18 Qxd3 43. Qxd3) 42... Qd5 $2 {[%mdl 8192] [#]} (42... Qd8 $11) 43. Rxa5 $2 (43. Rd3 $1 $18 {[%cal Rd3d5]} Qxd3 44. Qxd3) 43... Rb3 $2 {[%mdl 8192] Accuracy: White = 44%, Black = 39%.} (43... Qxa5 $11 44. Qe8+ Kh7 45. Qg6+ Kh8 46. Qe8+ Kh7 47. Qg6+ Kh8 48. Qe8+ Kh7) 1-0

[Event "GAMMA Reykjavik Open 2019"]
[Site "Reykjavik"]
[Date "2019.04.16"]
[Round "9.7"]
[White "Petrosian, Tigran L."]
[Black "Libiszewski, Fabien"]
[Result "1-0"]
[WhiteElo "2605"]
[BlackElo "2488"]
[Annotator "TA"]
[PlyCount "85"]
[EventDate "2019.04.04"]
[EventType "swiss"]
[EventCountry "ISL"]
[SourceTitle "playchess.com"]
[Source "ChessBase"]
[SourceQuality "1"]

{[%evp 9,85,19,20,12,7,6,15,8,0,5,0,24,19,24,22,22,20,16,20,25,16,23,104,87,83,72,118,118,126,97,125,84,104,73,65,43,50,0,0,0,14,0,0,0,10,13,21,24,203,206,203,204,550,531,635,627,621,593,624,617,692,685,685,680,673,660,658,585,575,578,738,566,562,555,629,464,464,456]} 1. e4 e6 2. Qe2 d5 3. exd5 Qxd5 4. Nc3 Qd8 5. Nf3 c5 6. Ne5 {C00: French: Unusual White 2nd moves} Nd7 (6... Nh6 7. Qf3 Qc7 8. Bb5+ Nd7 9. Nxd7 Bxd7 10. g4 Bxb5 11. Nxb5 Qd7 12. a4 a6 13. Nc3 {½-½ (49) Zvjaginsev,V (2643)-Ulybin,M (2523) Cheliabinsk 2017}) 7. Nc4 $146 ({Predecessor:} 7. g3 Nxe5 8. Qxe5 Qd6 9. Bb5+ Bd7 10. Bxd7+ Qxd7 11. d3 Qc6 12. O-O Nf6 13. Bg5 {1-0 (39) Reprintsev,A (2374)-Slavinsky,P (2062) Moscow 2018}) 7... Nb6 8. g3 {The position is equal.} Nxc4 9. Qxc4 Bd7 10. Bg2 Qc8 11. O-O $36 {[%mdl 2048] Black is under pressure.} Bc6 12. Ne4 Be7 13. b3 Nf6 14. Bb2 Nxe4 15. Bxe4 Bf6 (15... O-O $11) 16. Bxf6 $16 gxf6 17. Rfe1 Bxe4 18. Rxe4 Qc6 19. Rae1 {[%cal Re4e6] Strongly threatening Rxe6+!} O-O-O 20. d3 h5 21. b4 Rd5 22. b5 Qd6 23. a4 f5 24. Qc3 Rd4 25. Re5 b6 26. a5 h4 27. axb6 axb6 28. Qa3 h3 $2 {[#]} (28... Rf8 $11 {and Black stays safe.}) 29. Qa6+ $1 $18 Kd7 30. Rxf5 ({Weaker is} 30. c3 Rxd3 31. f4 Qb8 $19) 30... exf5 $2 (30... Rf8 {is more resistant.} 31. Rh5 c4 32. Rxh3 cxd3 33. cxd3 Rxd3) 31. Qb7+ {White is clearly winning.} Qc7 {[#]} 32. Re7+ $1 {[%mdl 576] Skewer, Deflection} Kxe7 33. Qxc7+ {[%mdl 4096] Endgame KQ-KRR} Kf8 34. Qxb6 Ra4 {[%cal Ra4a1]} 35. Qd8+ Kg7 {[%cal Ra4a1]} 36. Qg5+ {[%mdl 64] Double Attack} Kf8 {( -> ...Ra1+)} 37. Kf1 Rb4 38. b6 Rg8 39. Qxf5 {[%mdl 64] Double Attack} Rb1+ 40. Ke2 Rg6 41. Qxc5+ Kg7 42. Qe5+ Kg8 {Threatens to win with ...Re6.} 43. Qf5 {Accuracy: White = 79%, Black = 55%.} 1-0

[Event "GAMMA Reykjavik Open 2019"]
[Site "Reykjavik"]
[Date "2019.04.16"]
[Round "9.8"]
[White "Prithu Gupta"]
[Black "Gupta, Abhijeet"]
[Result "0-1"]
[WhiteElo "2478"]
[BlackElo "2602"]
[Annotator "TA"]
[PlyCount "136"]
[EventDate "2019.04.04"]
[EventType "swiss"]
[EventCountry "ISL"]
[SourceTitle "playchess.com"]
[Source "ChessBase"]
[SourceQuality "1"]

{[%evp 11,136,-6,-8,-13,-8,-17,0,-10,0,-9,0,-2,-6,0,0,6,22,8,10,-11,0,0,0,-12,-17,-15,-9,-14,-9,-10,-10,-9,-7,-7,-8,-19,0,0,0,0,8,11,9,17,30,0,0,0,0,0,0,0,0,0,0,0,0,0,0,0,0,0,5,0,0,0,0,0,-8,-22,-34,-41,-41,-41,-41,-56,-41,-41,-41,-41,-41,-41,-41,-41,-41,-41,-41,-41,-41,-41,-41,-41,-41,-41,-41,-87,-87,-87,-41,-140,0,-41,-41,-41,-41,-52,-20,-41,-41,-41,-41,-41,-41,-41,0,-41,-20,-41,-41,-41,-41,-41,-41,-41,-41,-6573,-6366]} 1. e4 c5 2. Nc3 d6 3. f4 Nc6 4. Nf3 g6 5. Bc4 Bg7 6. O-O e6 7. d4 {B23: Closed Sicilian: Lines without g3} cxd4 8. Nb5 Nge7 9. Bb3 {[%cal Rf3d4] The position is equal.} Na5 $146 ({Predecessor:} 9... O-O 10. Nbxd4 Nxd4 11. Nxd4 a6 12. c3 b5 13. Be3 Qc7 14. Qd2 e5 15. fxe5 dxe5 {½-½ (50) Grischuk,A (2767)-Nepomniachtchi,I (2751) Moscow 2018}) 10. Nbxd4 Nxb3 11. axb3 e5 12. Ne2 O-O 13. Nc3 b5 14. fxe5 Qb6+ 15. Qd4 Qxd4+ 16. Nxd4 b4 $1 {[%cal Rb4c3]} 17. Nd5 Nxd5 18. exd5 Bb7 19. Nc6 Bxc6 20. dxc6 Bxe5 21. Bf4 Bd4+ 22. Kh1 Rfc8 23. Rfd1 Bc5 24. Ra6 Rc7 25. Rd5 Bb6 26. Rxd6 Rac8 27. c4 Rxc6 28. g3 Rc5 $1 29. Be3 Rf5 30. Bxb6 axb6 $11 {[%mdl 4096] Endgame KRR-KRR} 31. Kg2 ({Of course not} 31. Rdxb6 Rf2 $17) 31... b5 32. Rac6 Re8 $1 {[%cal Re8e2]} 33. Rd2 Re3 34. Rb6 bxc4 35. bxc4 b3 36. Rf2 Rfe5 37. Rf3 Re2+ 38. Rf2 R5e3 39. Rb7 f5 40. Kf1 Rc2 41. c5 Rc1+ 42. Kg2 Rxc5 43. Kh3 Rc2 44. Rxb3 {[#] Black must now prevent Rb8+.} Rxf2 45. Rxe3 Rxb2 $15 {KR-KR} 46. Ra3 Kg7 47. Ra7+ Kh6 48. Ra6 Kg5 49. Ra7 h6 50. Ra6 Rc2 51. Rb6 Ra2 52. Rc6 Rf2 {aiming for ...Kh5.} 53. Ra6 Kh5 54. Rf6 Ra2 {...Rf2 is the strong threat.} 55. Rb6 (55. Rf7 $15) 55... Kg5 ({Better is} 55... g5 $17 {[%csl Gf5,Gh5][%cal Rg5g4]} 56. g4+ fxg4+ 57. Kg3 Re2) 56. Rc6 h5 57. Rb6 Re2 58. Ra6 h4 59. Rb6 Kh5 {Hoping for ...g5.} 60. Rb5 Re3 61. Ra5 Kg5 62. Rb5 Re2 63. Rb6 Re5 64. Ra6 Kh5 65. Rf6 Re3 66. Rf7 Kg5 67. Rf8 Rf3 {[#] Strongly threatening ...hxg3.} 68. Rf7 $2 {[%mdl 8192]} (68. Rb8 $15) 68... hxg3 {Accuracy: White = 67%, Black = 65%.} 0-1

[Event "GAMMA Reykjavik Open 2019"]
[Site "Reykjavik"]
[Date "2019.04.16"]
[Round "9.9"]
[White "Kjartansson, Gudmundur"]
[Black "Stefansson, Hannes"]
[Result "0-1"]
[WhiteElo "2444"]
[BlackElo "2558"]
[Annotator "ChessBase"]
[PlyCount "60"]
[EventDate "2019.04.04"]
[EventType "swiss"]
[EventCountry "ISL"]
[SourceTitle "playchess.com"]
[Source "ChessBase"]
[SourceQuality "1"]
[TimeControl "40/5400+30:1800+30"]

1. Nf3 {[%emt 0:00:00]} d5 {[%emt 0:00:00]} 2. c4 {[%emt 0:00:07]} c6 {[%emt 0:00:28]} 3. g3 {[%emt 0:00:18]} g6 {[%emt 0:00:25]} 4. Bg2 {[%emt 0:01:23]} Bg7 {[%emt 0:00:19]} 5. d4 {[%emt 0:00:59]} Nf6 {[%emt 0:01:00]} 6. O-O {[%emt 0:00:06]} O-O {[%emt 0:00:14]} 7. Qb3 {[%emt 0:03:06]} Qb6 {[%emt 0:00:52]} 8. Nc3 {[%emt 0:02:28]} Rd8 {[%emt 0:01:06]} 9. Be3 {[%emt 0:18:24]} Be6 {[%emt 0:15:20]} 10. c5 {[%emt 0:06:48]} Qc7 {[%emt 0:02:31]} 11. Bf4 {[%emt 0:03:21]} Qc8 {[%emt 0:00:06]} 12. Ng5 {[%emt 0:12:18]} Bd7 {[%emt 0:03:37]} 13. e4 {[%emt 0:02:42]} h6 {[%emt 0:00:36]} 14. Nxd5 {[%emt 0:01:02]} cxd5 {[%emt 0:05:32]} 15. Nxf7 {[%emt 0:00:11]} Kxf7 {[%emt 0:00:22]} 16. exd5 {[%emt 0:00:09]} e6 {[%emt 0:03:45]} 17. dxe6+ {[%emt 0:22:10]} Bxe6 {[%emt 0:00:46]} 18. Qxb7+ {[%emt 0:01:59]} Qxb7 {[%emt 0:00:05]} 19. Bxb7 {[%emt 0:00:03]} Bd5 {[%emt 0:00:38]} 20. Bxa8 {[%emt 0:00:29]} Bxa8 {[%emt 0:00:06]} 21. Be3 {[%emt 0:07:36]} Nc6 {[%emt 0:03:26]} 22. Rfd1 {[%emt 0:00:07]} Nd5 {[%emt 0:00:55]} 23. a3 {[%emt 0:00:35]} a5 {[%emt 0:01:19]} 24. Rac1 {[%emt 0:01:43]} Rb8 {[%emt 0:02:49]} 25. Rc2 {[%emt 0:00:15]} Rb3 {[%emt 0:00:26]} 26. Re2 {[%emt 0:00:03]} Bb7 {[%emt 0:00:34]} 27. Rdd2 {[%emt 0:01:05]} Nce7 {[%emt 0:00:49]} 28. g4 {[%emt 0:02:32]} g5 {[%emt 0:00:32]} 29. h3 {[%emt 0:00:16]} Bc6 {[%emt 0:00:37]} 30. Re1 {[%emt 0:01:25]} Ng6 {[%emt 0:00:33]} 0-1